000 00633nam a22001937a 4500
005 20251108164228.0
008 250721s1992 xx 000 0 ara d
082 1 4 _a327.14/كرم
100 1 _aشلبي، كرم
245 1 0 _aالإعلام و الدعاية في حرب الخليج :
_bوثائق من غرفة العمليات /
264 1 _aالقاهره :
_bمكتبة التراث الإسلامي،
_c1992.
300 _a444ص
650 1 7 _aالحرب النفسية
650 1 7 _aالإعلام
650 1 7 _aحرب الخليج 1991
650 1 7 _aأزمة الخليج (1991)
942 _2ddc
_cBK
999 _c6906
_d6906